[Event "Bhilwara"]
[Site "New Delhi"]
[Date "1986.??.??"]
[Round "?"]
[White "Donchev, Dimitar I"]
[Black "Ravisekhar, Raja"]
[Result "1/2-1/2"]
[WhiteElo "2440"]
[BlackElo "2390"]

1.d4 g6 2.e4 Bg7 3.Nc3 c6 4.Nf3 d6 5.h3 Nf6 6.a4 O-O 7.Be3 Qc7 8.Qd2 Nbd7
9.Be2 Re8 10.O-O e5 11.dxe5 dxe5 12.a5 Nf8 13.Bc4 Be6 14.Qe2 h6 15.Rfd1 b5
16.axb6 axb6 17.Bxe6 Nxe6 18.Ra6  1/2-1/2

[Event "DDR-ch (Women)"]
[Site "Nordhausen"]
[Date "1986.??.??"]
[Round "4"]
[White "Heintze, Marion"]
[Black "Manger, Carola"]
[Result "1/2-1/2"]
[WhiteElo "2190"]
[BlackElo "1910"]

1.e4 g6 2.d4 Bg7 3.Nc3 c6 4.Bc4 b5 5.Bb3 b4 6.Nce2 d5 7.e5 h5 8.Nf3 Bg4 9.Nf4 e6
10.h3 Bf5 11.Ne2 Nh6 12.Ng3 Nd7 13.c3 bxc3 14.bxc3 Bf8 15.O-O Be7 16.c4 dxc4
17.Bxc4 Nb6 18.Bb3 h4 19.Nxf5 Nxf5 20.Bb2 Kf8 21.Rc1 Rc8 22.Qe2 Kg7 23.Rfd1 Nd5
24.Qe4 Qb6 25.Rc2 Nb4 26.Rcd2 Nd5 27.Rc1 a5 28.Ba1 Ba3 29.Rb1 Qa7 30.Bc4 Rb8
31.Rbd1 Be7 32.Rc2 Rb6 33.Nh2 Rhb8 34.Ng4 Bg5 35.Bxd5 cxd5 36.Qe1 Rb4 37.Nh2 Qb6
38.Nf3 Bf4 39.Bc3 Rb1 40.Rxb1 Qxb1 41.Re2 Qd3 42.Rb2 Rc8 43.Bd2 Bxd2 44.Rxd2 Qa3
45.Kh2 Rc1 46.Qe2 Rc4 47.Rd1 Qa4 48.Qd2 Qc2 49.Qg5 Rc8 50.Rd2 Qc1 51.Qf6+ Kg8
52.Ng5 Rf8 53.Nf3 Rb8  1/2-1/2

[Event "Rome-B"]
[Site "Rome"]
[Date "1986.??.??"]
[Round "?"]
[White "Krnic, Zdenko"]
[Black "Sibilio, Mario"]
[Result "1/2-1/2"]
[WhiteElo "2390"]
[BlackElo "2305"]

1.e4 g6 2.d4 Bg7 3.Nc3 c6 4.Nf3 d5 5.exd5 cxd5 6.Bf4 Nf6 7.Be2 Nc6 8.O-O Ne4
9.Nb5 O-O 10.c3 a6 11.Na3 f6 12.Nd2 Nd6 13.Bf3 e6 14.Nb3 Ra7 15.Nc2 Nc4 16.Bc1 b6
17.Ne3 Nxe3 18.Bxe3 Ne7 19.Nc1 Nf5 20.Bd2 e5 21.Qb3 Be6 22.Nd3 Bf7 23.Nb4 Rd7
24.Bg4 Be6 25.Bxf5 Bxf5 26.Rfe1 a5 27.Nc2 Bd3 28.Ne3 Kh8 29.Rad1 e4 30.g3 Re8
31.Bc1 b5 32.a4 Bh6 33.axb5 Bxe3 34.Bxe3 Rb7 35.Rxd3 exd3 36.c4 dxc4 37.Qxc4 Qd7
38.Qc6 Re6 39.Qc5 Kg7 40.d5 Re5 41.b6 Rxd5 42.Qc4 g5 43.h4 h6 44.h5 Rb8 45.Rd1 Rc8
46.Qb3 d2 47.b7 Rb8 48.Qc2 Qf7 49.Rxd2 Rxd2 50.Bxd2 Rxb7 51.g4 Rb5 52.Bc3 Rd5
53.Qe4 Kg8 54.Kg2 f5 55.Qc4 Qd7 56.Qa6 Rd6 57.Qa8+ Kf7 58.Qxa5 fxg4 59.Qe5 Qc6+
60.Kh2 Qd5 61.Qg7+ Ke8 62.Qh8+ Kd7 63.Qg7+ Kc6 64.Qa7 Qc4 65.Be5 Rd7  1/2-1/2

[Event "Solingen"]
[Site "Solingen"]
[Date "1986.??.??"]
[Round "?"]
[White "Westerinen, Heikki MJ"]
[Black "Schneider, B."]
[Result "1/2-1/2"]
[WhiteElo "2415"]
[BlackElo "2350"]

1.e4 g6 2.d4 Bg7 3.Nc3 c6 4.h3 d5 5.Nf3 Nh6 6.Bd3 O-O 7.O-O f6 8.Re1 Nf7
9.e5 fxe5 10.dxe5 e6 11.Bf4 c5 12.b3 Nc6 13.Qd2 a6  1/2-1/2

[Event "Wuppertal-B"]
[Site "Wuppertal"]
[Date "1986.??.??"]
[Round "?"]
[White "Behle, Karl Willi"]
[Black "Schneider, B."]
[Result "1/2-1/2"]
[WhiteElo "2300"]
[BlackElo "2350"]

1.d4 g6 2.e4 Bg7 3.Nc3 c6 4.Bc4 d5 5.Bb3 dxe4 6.Nxe4 Qxd4 7.Qe2 Nf6 8.Ng5 O-O
9.N1f3 Qd6 10.O-O h6 11.Rd1 Qc7 12.Nxf7 Rxf7 13.Bxf7+ Kxf7 14.Ne5+ Kg8 15.Nxg6 e5
16.Nxe5 Nbd7 17.Qc4+ Kh7 18.Qd3+ Kg8 19.Qc4+  1/2-1/2

[Event "Aarhus-C"]
[Site "Aarhus"]
[Date "1987.??.??"]
[Round "5"]
[White "Ochsner, Thomas"]
[Black "Rewitz, Poul"]
[Result "0-1"]
[WhiteElo "2265"]
[BlackElo "2250"]

1.d4 g6 2.e4 Bg7 3.Nc3 c6 4.Bc4 d6 5.Qf3 e6 6.Nge2 Nd7 7.h4 Ngf6 8.Bg5 e5
9.d5 h6 10.Be3 Nb6 11.Bb3 Bg4 12.Qg3 Bxe2 13.Kxe2 cxd5 14.exd5 O-O 15.a4 Rc8
16.a5 Nc4 17.Bxc4 Rxc4 18.Bxa7 Nh5 19.Qe3 f5 20.Qb6 Qc8 21.Qxd6 Nf4+ 22.Kd2 Rd8
23.Qa3 Nxd5 24.Kc1 Nxc3 25.bxc3 Rxc3 26.Qa2+ Kh8 27.Rb1 e4 28.a6 Qd7 29.Rxb7 Qd2+
30.Kb1 Rh3 31.Rc1 Qxc1+ 32.Kxc1 Rh1+  0-1

[Event "Aarhus-C"]
[Site "Aarhus"]
[Date "1987.??.??"]
[Round "7"]
[White "Christensen, J."]
[Black "Jacobsen, Bo"]
[Result "1/2-1/2"]
[WhiteElo "2200"]
[BlackElo "2285"]

1.e4 c6 2.d4 g6 3.Nc3 Bg7 4.Nf3 d6 5.Bc4 Nf6 6.h3 b5 7.Bd3 a6 8.O-O Nbd7
9.e5 dxe5 10.dxe5 Nd5 11.Nxd5 cxd5 12.Re1 O-O 13.c3 Nc5 14.Bf1 Rb8 15.Be3 Ne4
16.Bd4 Qc7 17.b4 Bd7 18.Qb3 Qc6 19.Bd3 Bh6 20.Re2 Rbc8 21.Rae1 Bf5 22.Bxe4 Bxe4
23.Nh2 Qc4 24.Qxc4 bxc4 25.a4 Rb8 26.Rb2 Rb7 27.Ng4 Bg7 28.Ne3 Bd3 29.Nxd5 Rd8
30.Nf4 Bf5 31.g4 Bd7 32.a5 Bc6 33.Ng2 Rc8 34.Ne3 Bf3 35.Kh2 Rb5 36.Kg3 Bb7
37.f4 g5 38.Nf5 gxf4+ 39.Kxf4 Bf8 40.Rd2 Rd5 41.Red1 e6 42.Ne3 Rb5 43.g5 h5
44.Nf1  1/2-1/2

[Event "Altensteig"]
[Site "Altensteig"]
[Date "1987.??.??"]
[Round "?"]
[White "Schulz, Klaus Juergen"]
[Black "Stangl, Markus"]
[Result "1-0"]
[WhiteElo "2440"]
[BlackElo "2405"]

1.e4 g6 2.d4 Bg7 3.Nc3 c6 4.Be3 d6 5.a4 Nf6 6.h3 O-O 7.g4 e5 8.Bg2 Nbd7 9.Nge2 Re8
10.O-O Qa5 11.Ng3 Nb6 12.Nce2 Nc4 13.Bc1 exd4 14.b3 Nb6 15.Nxd4 d5 16.Bd2 Qc5
17.Be3 Qf8 18.a5 Nbd7 19.exd5 Nxd5 20.Bxd5 cxd5 21.Qf3 Qd6 22.Rad1 Ne5 23.Qg2 Bd7
24.Rfe1 a6 25.Nge2 Nc6 26.Nxc6 Bxc6 27.Qg3 Qb4 28.Bb6 Re6 29.c3 Qxb3 30.Nd4 Rxe1+
31.Rxe1 Qb2 32.Re3 Qc1+ 33.Kh2 Rc8 34.g5 Qf1 35.Qf3 Re8 36.Nxc6 Rf8 37.Ne7+ Kh8
38.Bd4  1-0

[Event "FRG-ch"]
[Site "Bad Neuenahr"]
[Date "1987.??.??"]
[Round "?"]
[White "Buecker, Stefan"]
[Black "Brueckner, Thomas"]
[Result "1-0"]
[WhiteElo "2300"]
[BlackElo "2345"]

1.e4 c6 2.d4 g6 3.Nc3 Bg7 4.Be3 d6 5.Nf3 Nf6 6.h3 O-O 7.Be2 Nbd7 8.O-O e5
9.dxe5 dxe5 10.Nd2 Qe7 11.Nb3 Rd8 12.Qe1 Nf8 13.Nc5 Ne6 14.Nxe6 Bxe6 15.a4 Qb4
16.Bd3 Nh5 17.Ne2 Qe7 18.Qc1 Rd7 19.a5 f5 20.f3 f4 21.Bf2 Nf6 22.Qe1 Qf7
23.Qc3 a6 24.Ra4 Ne8 25.Bc4 Nd6 26.Bxe6 Qxe6 27.Nc1 Rf7 28.Nd3 g5 29.Rd1 h5
30.Kf1 Re8 31.Bb6 Bf8 32.b3 Rg7 33.Qd2 g4 34.hxg4 hxg4 35.Nf2 gxf3 36.gxf3 Qh6
37.Ke2 Rg2 38.Qd3 Re6 39.Raa1 Qg6 40.Rh1 Nc8 41.Qd8 Re8 42.Qh4 Nxb6 43.axb6 Bc5
44.Raf1 Bxb6 45.Kd1 Bxf2 46.Rxf2 Rxf2 47.Qxf2 Kf7 48.Kc1 Re7 49.Rg1 Qf6 50.Qg2 Ke8
51.Qg8+ Qf8 52.Qc4 Kd7 53.Rg8 Qf7 54.Qd3+ Ke6 55.Qd8 Rd7 56.Qb8 Rc7 57.Rf8 Qd7
58.Rh8 Qg7 59.Kb2 Re7 60.Rg8 Qf7 61.Rd8 Rc7 62.Rh8 Qg7 63.Re8+ Re7 64.Qxb7  1-0

[Event "Belgrade (Women)"]
[Site "Belgrade"]
[Date "1987.??.??"]
[Round "11"]
[White "Maric, Mirjana"]
[Black "Matveeva, Svetlana"]
[Result "0-1"]
[WhiteElo "2165"]
[BlackElo "2385"]

1.e4 g6 2.d4 Bg7 3.Nc3 c6 4.Nf3 d6 5.h3 b5 6.a3 a6 7.g3 Bb7 8.Bg2 Nd7 9.O-O e6
10.Bf4 Qc7 11.Qd2 e5 12.dxe5 dxe5 13.Be3 Ngf6 14.Rad1 c5 15.Nh2 Rd8 16.Bh6 O-O
17.Bxg7 Kxg7 18.Qe2 Rfe8 19.Ng4 Nxg4 20.Qxg4 Nf6 21.Qe2 Rd4 22.Nd5 Bxd5 23.exd5 e4
24.Rxd4 cxd4 25.Rd1 Qe5 26.f4 Qxd5 27.Qd2 Rd8 28.Kh2 Qh5 29.Re1 e3 30.Qa5 Rc8
31.Qb6 Qc5 32.Qxc5 Rxc5 33.Re2 Rxc2 34.Rxc2 d3 35.Rd2 e2  0-1

[Event "Dortmund (Women)"]
[Site "Dortmund"]
[Date "1987.??.??"]
[Round "7"]
[White "Micic, Jordanka"]
[Black "Muresan, Margareta"]
[Result "1/2-1/2"]
[WhiteElo "2160"]
[BlackElo "2310"]

1.e4 g6 2.d4 Bg7 3.Nc3 c6 4.Be2 d5 5.e5 h5 6.h4 Nh6 7.Nf3 Bg4 8.Ng5 Bxe2
9.Nxe2 e6 10.O-O Nf5 11.g3  1/2-1/2

[Event "Munich zt"]
[Site "Munich"]
[Date "1987.??.??"]
[Round "?"]
[White "Wittmann, Walter"]
[Black "Lau, Ralf"]
[Result "1-0"]
[WhiteElo "2400"]
[BlackElo "2535"]

1.e4 g6 2.d4 Bg7 3.Nc3 c6 4.Bc4 d6 5.Qe2 Nd7 6.Nf3 e6 7.Bf4 Qc7 8.a4 Ne7
9.O-O h6 10.Rfd1 O-O 11.Bg3 a5 12.Bb3 Nb6 13.Qe3 Bd7 14.Nd2 Rad8 15.Nc4 Nxc4
16.Bxc4 Bc8 17.Bb3 b6 18.Rd2 Ba6 19.Ne2 Qb7 20.h4 d5 21.Be5 dxe4 22.Bxg7 Kxg7
23.Qxe4 Bxe2 24.Rxe2 Nf5 25.c3 h5 26.Bc2 Qc7 27.g3 c5 28.dxc5 Qxc5 29.Qf4 Rd5
30.Rae1 Rfd8 31.Re5 Ne7 32.Rxd5 Rxd5 33.Rd1 Re5 34.Kf1 Rd5 35.Rxd5 Nxd5 36.Qe5+ Kf8
37.Bb3 Qc6 38.Qd4 Nc7 39.Qd8+ Ne8 40.Kg1 Kg7 41.Qd4+ Nf6 42.Bc2 Qc7 43.f4 Qc6
44.Bd1 Qe4 45.Qxe4 Nxe4 46.Kg2 Kf6 47.Kf3 Nd6 48.Be2 Ke7 49.Bd3 Nb7 50.b4 Kd6
51.Ke4 Nd8 52.Kd4 Nc6+ 53.Kc4 axb4 54.cxb4 Na7 55.a5 b5+ 56.Kd4 Nc6+ 57.Kc3 Na7
58.Be4 f5 59.Bb7 e5 60.fxe5+ Kxe5 61.Kd3 f4 62.gxf4+ Kxf4 63.Be4 g5 64.hxg5 Kxg5
65.Kd4 Kf4 66.Bb7 h4 67.Kc5  1-0

[Event "Myslenice"]
[Site "Myslenice"]
[Date "1987.??.??"]
[Round "8"]
[White "Barczay, Laszlo"]
[Black "Fekete, Albert"]
[Result "1-0"]
[WhiteElo "2375"]
[BlackElo "2355"]

1.e4 g6 2.d4 Bg7 3.Nc3 c6 4.Nf3 d5 5.h3 h5 6.Bd3 Nh6 7.O-O Na6 8.Re1 Nb4
9.Bf1 dxe4 10.Nxe4 Bf5 11.Bg5 Nd5 12.Ng3 Be6 13.Ne5 Bf6 14.Bxf6 Nxf6 15.Nxg6 Rg8
16.Nf4 Qd6 17.Nxe6 fxe6 18.Ne4 Nxe4 19.Qxh5+ Kd7 20.Rxe4 Nf5 21.Rae1 Raf8
22.Rxe6 Qxd4 23.Rd1 Kxe6 24.Rxd4 Nxd4 25.Bc4+ Kd6 26.Bxg8 Rxg8 27.Qd1 Ke5
28.f4+ Ke4  1-0

[Event "FRA-ch"]
[Site "Rouen"]
[Date "1987.??.??"]
[Round "5"]
[White "Boudre, Jean Pierre"]
[Black "Seret, Jean Luc"]
[Result "1-0"]
[WhiteElo "2300"]
[BlackElo "2425"]

1.e4 g6 2.d4 Bg7 3.Nc3 c6 4.Bc4 d6 5.Qf3 e6 6.Be3 Nd7 7.Qg3 e5 8.Nge2 Ngf6
9.f3 b5 10.Bb3 Bb7 11.Rd1 Qc7 12.dxe5 dxe5 13.h4 Bf8 14.Qf2 h5 15.a4 a6 16.O-O Be7
17.Kh1 Kf8 18.Ng1 Kg7 19.Nh3 Rhf8 20.Qd2 Nc5 21.Bh6+ Kg8 22.Bxf8 Rxf8 23.Ba2 Kg7
24.Ng5 Bc8 25.axb5 axb5 26.Ne2 Ne8 27.b4 Nd7 28.Qc3 Nb6 29.Bb3 Bd7 30.Nf4 Bc8
31.Rf2 Bf6 32.Nd3 Nd6 33.Rff1 Nb7 34.Nc5 Nxc5 35.Qxc5 Be7 36.Qc3 Nd7 37.f4 Bf6
38.f5  1-0

[Event "URS Army-ch"]
[Site "Tashkent"]
[Date "1987.??.??"]
[Round "?"]
[White "Klovans, Janis"]
[Black "Yurtaev, Leonid"]
[Result "0-1"]
[WhiteElo "2420"]
[BlackElo "2460"]

1.e4 g6 2.d4 Bg7 3.Nc3 c6 4.f4 d5 5.e5 Nh6 6.Nf3 O-O 7.Be2 f6 8.O-O Bg4 9.h3 Bxf3
10.Bxf3 fxe5 11.fxe5 Nf5 12.Ne2 e6 13.Bg4 c5 14.c3 Nc6 15.Bxf5 exf5 16.dxc5 Re8
17.Nd4 Qe7 18.Be3 Bxe5 19.Nf3 Bxc3 20.Qxd5+ Qe6 21.Qxe6+ Rxe6 22.Bf2 Bxb2
23.Rab1 Re2 24.Rfe1 Rc2 25.Red1 Re8 26.Ne1 Rce2 27.Nd3 Bc3 28.Rxb7 Rd8 29.a3 Rc2
30.Rbb1 Ra2 31.Nb4 Rxd1+ 32.Rxd1 Bxb4 33.axb4 Nxb4 34.Rd7 a5 35.Be1 Na6 36.c6 Rc2
37.Bxa5 Rxc6 38.Bd2 Nc5 39.Ra7 Ne4 40.Be3 g5 41.Bd4 Rc4 42.Be5 f4 43.Ra1 Rc5
44.Bd4 Rd5 45.Bf2 Kf7 46.Kf1 Kg6 47.Be1 h5 48.Ke2 Re5 49.Kf1 h4 50.Ra6+ Kh5
51.Ra1 Rb5 52.Kg1 Rb2 53.Ra4 Nd6 54.Ra1 Rc2 55.Bf2 Nc4 56.Re1 Kg6 57.Bd4 Kf5
58.Bf2 Rd2 59.Rc1 Ne5 60.Ra1 Nd3 61.Ra5+ Kg6 62.Ra6+ Kh5 63.Bd4 Nb4 64.Rd6 g4
65.hxg4+ Kxg4 66.Bc5 Nd3 67.Rd8 h3 68.gxh3+ Kxh3 69.Rh8+ Kg3 70.Rg8+ Kf3
71.Bb6 Ne5 72.Kh1 Ng4 73.Rd8 Rh2+ 74.Kg1 Rb2 75.Rd3+ Ne3 76.Bc7 Ke2 77.Ra3 f3
78.Bg3 Nf5 79.Be1 Rb1 80.Ra2+ Kxe1 81.Rf2 Rb3  0-1

[Event "USA-chJ"]
[Site "USA"]
[Date "1987.??.??"]
[Round "?"]
[White "Sherzer, Alex"]
[Black "Lief, Adam"]
[Result "1-0"]
[WhiteElo "2355"]
[BlackElo "2280"]

1.e4 c6 2.d4 g6 3.Nc3 Bg7 4.h4 h5 5.Bc4 d6 6.Qf3 e6 7.Nge2 d5 8.Bd3 Nd7 9.Bg5 Qb6
10.O-O-O Ndf6 11.Nf4 Nh7 12.exd5 Nxg5 13.hxg5 cxd5 14.Bb5+ Bd7 15.Bxd7+ Kxd7
16.Nfxd5 exd5 17.Qxf7+ Ne7 18.Qxg7 Qd6 19.Rhe1 Rhg8 20.Qe5 Rgf8 21.Rd2 Rf5
22.Qxd6+ Kxd6 23.Rde2 Re8 24.Re6+ Kd7 25.Nb5 Rxg5 26.Nd6  1-0

[Event "NOR-ch"]
[Site "Asker"]
[Date "1988.??.??"]
[Round "1"]
[White "Haugli, Petter"]
[Black "Gausel, Einar"]
[Result "1/2-1/2"]
[WhiteElo "2330"]
[BlackElo "2410"]

1.e4 g6 2.d4 Bg7 3.Nc3 c6 4.Bc4 d6 5.Qf3 e6 6.Be3 Nf6 7.Nge2 Nbd7 8.O-O-O d5
9.Bd3 dxe4 10.Nxe4 Nxe4 11.Bxe4 Nf6 12.Nc3 Nxe4 13.Nxe4 f5 14.Nc5 Qd5 15.Qxd5 exd5
16.Rhe1 O-O 17.Bf4 b6 18.Ne6 Bxe6 19.Rxe6 Rac8 20.c3 Rfe8 21.Rde1 Kf7 22.Rxe8 Rxe8
23.Rxe8 Kxe8 24.Kc2 Kd7 25.Kd3 a6 26.h3 c5 27.dxc5 bxc5 28.b3 Kc6 29.Bg5 Be5
30.f3 Bg7  1/2-1/2

[Event "Belgrade (Women)"]
[Site "Belgrade"]
[Date "1988.??.??"]
[Round "4"]
[White "Micic, Snezana"]
[Black "Gurieli, Nino"]
[Result "0-1"]
[WhiteElo "2080"]
[BlackElo "2380"]

1.e4 g6 2.d4 Bg7 3.Nc3 c6 4.Nf3 d6 5.Be2 Nf6 6.O-O O-O 7.a4 a5 8.h3 Na6 9.Re1 Nb4
10.Bc4 d5 11.exd5 cxd5 12.Bb3 Bf5 13.Nh4 Bd7 14.Nb5 Bc6 15.c3 Na6 16.Bf4 Ne4
17.Nf3 Qb6 18.Qe2 e6 19.Bc2 Nf6 20.Ra3 Ne8 21.Bd3 Qd8 22.Ne5 Nb8 23.Ra2 Nd7
24.Nxc6 bxc6 25.Na3 Ra7 26.Nc2 Nb6 27.Rea1 Re7 28.b4 Nd7 29.Qd2 e5 30.dxe5 Nxe5
31.Bxe5 Bxe5 32.Rb1 Nd6 33.Nd4 Bxd4 34.cxd4 axb4 35.Qxb4 Rfe8 36.Qc3 Ne4
37.Qxc6 Rc7 38.Qb6 Nc3 39.Rc2 Qc8 40.Ra1 Re6 41.Qa5 Rec6 42.Ra3 Qe8 43.Ra1 Qe7
44.Rb2 Qh4 45.Rb8+ Kg7 46.Qb4 Re7 47.g3 Qf6 48.Kg2 Ne4 49.Kf1 Ng5 50.f4 Ne4
51.Re1 h5 52.Bxe4 dxe4 53.Qd2 Rc4 54.Rb4 e3 55.Qb2 Rxb4 56.Qxb4 Qc6 57.Kg1 Qf3
58.Qxe7 Qxg3+ 59.Kh1 Qxe1+ 60.Kh2 Qf2+ 61.Kh1 e2 62.Qe5+ Kh7  0-1

[Event "Buenos Aires"]
[Site "Buenos Aires"]
[Date "1988.??.??"]
[Round "?"]
[White "Milos, Gilberto"]
[Black "Tempone, Marcelo"]
[Result "1-0"]
[WhiteElo "2510"]
[BlackElo "2450"]

1.e4 g6 2.d4 Bg7 3.Nc3 c6 4.Nf3 d6 5.Be2 Nf6 6.O-O O-O 7.Bf4 Nfd7 8.Qd2 e5
9.Bg5 f6 10.Be3 Qe7 11.Rfd1 b5 12.dxe5 dxe5 13.Nxb5 Nb6 14.Nd6 Be6 15.a4 N8d7
16.Qc3 Rfb8 17.Qxc6 Bf8 18.a5 Nc8 19.Nb5  1-0

[Event "Calcutta"]
[Site "Calcutta"]
[Date "1988.??.??"]
[Round "?"]
[White "Prasad, Devaki V"]
[Black "Mitra, Swapan"]
[Result "1-0"]
[WhiteElo "2405"]
[BlackElo "2280"]

1.e4 g6 2.d4 Bg7 3.Nc3 c6 4.f4 d5 5.e5 h5 6.Nf3 Bg4 7.Be2 Nh6 8.Be3 Nf5 9.Bf2 e6
10.Qd2 Bf8 11.O-O Qa5 12.a3 Nd7 13.h3 Bxf3 14.Bxf3 h4 15.Rfd1 Be7 16.Kh1 Kf8
17.Qd3 Kg7 18.Ne2 Rad8 19.b3 b5 20.Ng1 Rb8 21.Be2 Qb6 22.Nf3 c5 23.c4 bxc4
24.bxc4 dxc4 25.Qxc4 cxd4 26.Nxd4 Nxd4 27.Bxd4 Bc5 28.Bc3 Rhd8 29.f5 gxf5
30.Qxh4 Nf8 31.Rd6 Qc7 32.Qf6+ Kg8 33.Rad1 Nd7 34.Qg5+ Kf8 35.Qh6+ Ke8 36.Rxe6+ Be7
37.Bb4  1-0

[Event "Calcutta"]
[Site "Calcutta"]
[Date "1988.??.??"]
[Round "?"]
[White "Arencibia, Walter"]
[Black "Mishra, Neeraj Kumar"]
[Result "1-0"]
[WhiteElo "2445"]
[BlackElo "2335"]

1.d4 g6 2.e4 Bg7 3.Nc3 c6 4.Be2 Qb6 5.Nf3 d6 6.Rb1 Nf6 7.O-O O-O 8.h3 Rd8
9.Bg5 d5 10.e5 Ne4 11.Bxe7 Re8 12.Ba3 f6 13.exf6 Bxf6 14.Nxe4 dxe4 15.Ne5 Be6
16.Nc4 Qc7 17.c3 Rd8 18.Qc2 b5 19.Nd2 Bxa2 20.Rbe1 Bd5 21.Nxe4 Bg7 22.Bd3 a5
23.Ng5 Na6 24.Ne6 Bxe6 25.Rxe6 b4 26.Bxa6 Rxa6 27.cxb4 axb4 28.Bxb4 Qf7 29.Re7 Qd5
30.Qe2 Raa8 31.Bc3 Bf6 32.Re4 Kg7 33.Re1 Ra7 34.Qe3 Rf7 35.Ra1 Rdf8 36.Bb4 Rb8
37.Be7 Rxb2 38.Bxf6+ Kxf6 39.Rf4+ Kg7 40.Rxf7+ Qxf7 41.d5 Qf6 42.dxc6  1-0

[Event "CUB-ch"]
[Site "?"]
[Date "1988.??.??"]
[Round "?"]
[White "Andres, Miguel"]
[Black "Velez, Nestor"]
[Result "1-0"]
[WhiteElo "2410"]
[BlackElo "2345"]

1.e4 g6 2.d4 Bg7 3.Nc3 c6 4.Nf3 d5 5.h3 Nh6 6.Bd3 dxe4 7.Nxe4 Nf5 8.c3 O-O
9.Bf4 Nd6 10.O-O Nxe4 11.Bxe4 Be6 12.Re1 Na6 13.Qe2 Nc7 14.c4 Bd7 15.Rad1 Ne6
16.Be5 Qa5 17.d5 Bxe5 18.Nxe5 Be8 19.Nxg6 fxg6 20.dxe6 Qxa2 21.Ra1 Qb3 22.Red1 Rf6
23.Bf3 Qb6 24.Qe5 Rf5 25.Qc3 Qc5 26.b4 Qe5 27.Qd3 Rf4 28.Bg4 h5 29.Bf3 Qxe6
30.Re1 Qxc4 31.Qe3 Qd4 32.Qxe7 Qxb4 33.Qg5 Rf5 34.Rxe8+ Kf7 35.Qxf5+ gxf5
36.Rxa8 a6 37.Rd1 h4 38.Rb8 Ke7 39.Bxc6 b5 40.Bf3 a5 41.Rb7+ Kf6 42.Rb6+ Kg5
43.Be2 Qb2 44.Kf1 b4 45.g3 a4 46.f4+  1-0

[Event "CZE-chT8788"]
[Site "?"]
[Date "1988.??.??"]
[Round "?"]
[White "Hosticka, Frantisek"]
[Black "Karlik, Jiri"]
[Result "0-1"]
[WhiteElo "2275"]
[BlackElo "2325"]

1.e4 g6 2.d4 Bg7 3.Nc3 c6 4.h4 h6 5.Be3 Nf6 6.f3 d6 7.Qd2 Qa5 8.Nge2 Nbd7
9.Ng3 h5 10.Be2 a6 11.Nf1 c5 12.g4 cxd4 13.Bxd4 hxg4 14.O-O-O gxf3 15.Bxf3 Ne5
16.Bxe5 Qxe5 17.Kb1 Be6 18.h5 Nxh5 19.Ne3 Rc8 20.Bxh5 Rxh5 21.Rxh5 Qxh5 22.Ncd5 Bxd5
23.Nxd5 Rc4 24.c3 Qf3 25.Ka1 Bh6 26.Qc2 Rxe4 27.a3 Re5 28.c4 Kf8 29.Nc3 Bg7
30.Rd3 Re3 31.Rxe3 Qxe3 32.Nd5 Qxa3+ 33.Kb1 Qc5 34.Qe2 Be5 35.Ne3 Qd4 36.Ng4 Kg7
37.c5 Qxc5  0-1

[Event "DEN-ch"]
[Site "?"]
[Date "1988.??.??"]
[Round "1"]
[White "Bjerring, Kai"]
[Black "Hoi, Carsten"]
[Result "0-1"]
[WhiteElo "2305"]
[BlackElo "2405"]

1.e4 g6 2.d4 Bg7 3.Nc3 c6 4.Bc4 d6 5.f4 b5 6.Bb3 b4 7.Nce2 Nf6 8.e5 Nd5 9.Nf3 Bg4
10.O-O O-O 11.h3 Bxf3 12.Rxf3 e6 13.a3 c5 14.dxc5 dxe5 15.Rd3 Nc6 16.Bxd5 exd5
17.Rxd5 Qe7 18.axb4 Nxb4 19.Rd6 Rac8 20.c3 Nc6 21.Ra6 Nb8 22.Ra5 Rfe8 23.f5 Nc6
24.Ra4 e4 25.Ng3 Qh4 26.Qg4 Qxg4 27.hxg4 e3 28.Ne4 Ne5 29.f6 e2 30.Bd2 Bf8
31.Be1 Nxg4 32.Rd2 h5 33.Nd6 Bh6 34.Nxc8 Be3+ 35.Kh1 Bxd2 36.Ne7+ Kf8 37.Bxd2 Nxf6
38.Bh6+ Kxe7 39.Rxa7+ Ke6 40.Ra6+ Kf5  0-1

[Event "DEN-ch"]
[Site "?"]
[Date "1988.??.??"]
[Round "8"]
[White "Fries Nielsen, Jens Ove"]
[Black "Kristiansen, Jens"]
[Result "1-0"]
[WhiteElo "2370"]
[BlackElo "2435"]

1.e4 g6 2.d4 Bg7 3.Nc3 c6 4.Nf3 d5 5.h3 Nh6 6.Bd3 O-O 7.O-O f6 8.Bxh6 Bxh6
9.Qe2 Rf7 10.Rfe1 e6 11.Nd1 Na6 12.Bxa6 bxa6 13.Nc3 a5 14.Na4 Bf8 15.a3 g5
16.Nd2 Rg7 17.Nf1 Qe8 18.Ng3 Qg6 19.c4 Rb8 20.Rac1 Re7 21.Qf3 dxc4 22.Rxc4 Ba6
23.Rc2 Bb5 24.Nc5 a4 25.b3 axb3 26.Qxb3 Ree8 27.Nxe6 Qf7 28.d5 cxd5 29.exd5 Bd7
30.Qa2 Ba4 31.Rc3 Qg6 32.Ne4 Qf5 33.Rf3  1-0

[Event "DEN-chB"]
[Site "?"]
[Date "1988.??.??"]
[Round "6"]
[White "Norgaard, Jesper"]
[Black "Kristensen, Leif"]
[Result "1/2-1/2"]
[WhiteElo "2305"]
[BlackElo "2300"]

1.e4 g6 2.d4 Bg7 3.Nc3 c6 4.f4 d5 5.e5 h5 6.Nf3 Nh6 7.Be3 Qb6 8.Rb1 a5 9.Be2 Bg4
10.O-O Nf5 11.Bf2 e6 12.Ne1 Bxe2 13.Nxe2 Na6 14.c3 Bf8 15.g3 Be7 16.h3 Nc7
17.Ng2 Qa6 18.Qc2 O-O-O 19.Rbd1 Rdg8 20.Qd3 Qxd3 21.Rxd3 Kd7  1/2-1/2

[Event "Dortmund-B (Women)"]
[Site "Dortmund"]
[Date "1988.??.??"]
[Round "5"]
[White "Strizak, Natasa"]
[Black "Lebel Arias, Julia"]
[Result "0-1"]
[WhiteElo "2085"]
[BlackElo "2120"]

1.e4 g6 2.d4 Bg7 3.Nc3 c6 4.f4 d5 5.e5 h5 6.Nh3 Nh6 7.Bd3 Bf5 8.Bxf5 Nxf5
9.Qd3 e6 10.Be3 Nd7 11.O-O h4 12.Ng5 Bf8 13.Ne2 Be7 14.Nf3 Qb6 15.Rab1 Rc8
16.c3 c5 17.Kh1 Qc6 18.Bg1 a6 19.Qd2 Qb5 20.Rbc1 b6 21.Rc2 Qa4 22.Bf2 b5
23.Kg1 Nb6 24.Qe3 Qa5 25.Rb1  0-1

[Event "Edinburgh op"]
[Site "Edinburgh"]
[Date "1988.??.??"]
[Round "2"]
[White "Lalic, Susan"]
[Black "Arkell, Keith C"]
[Result "1/2-1/2"]
[WhiteElo "2340"]
[BlackElo "2425"]

1.e4 g6 2.d4 Bg7 3.Nc3 c6 4.Nf3 d6 5.Be3 b5 6.Bd3 Qc7 7.Qd2 Bg4 8.O-O Bxf3
9.gxf3 Nf6 10.f4 Ng4 11.e5 Nd7 12.a4 b4 13.Ne4 d5 14.Ng5 e6 15.Qxb4 c5 16.dxc5 Nxe3
17.fxe3 O-O 18.Qe1 h6 19.Nf3 a5 20.Nd4 Nxc5 21.Qg3 Rab8 22.Nb5 Qe7 23.Rf2 Rfc8
24.Rg2 Nxd3 25.cxd3 Rb6 26.Qe1 Rbc6 27.Nd6 Ra8 28.Rc1 Qc7 29.Rc3 Qb6 30.h4 h5
31.Rxc6 Qxc6 32.Qg3 Qd7 33.e4 dxe4 34.dxe4 Qxa4 35.Nxf7 Qxe4 36.Nd6 Qb1+
37.Kh2 Rb8 38.f5 Rxb2 39.Qxg6 Rxg2+ 40.Kxg2 Qc2+ 41.Kf1 Qd1+ 42.Kf2 Qd4+
43.Kf1 Qf4+ 44.Kg2 Qg4+ 45.Qxg4 hxg4 46.fxe6 Kf8 47.Nc4 a4 48.Kg3 Ke7 49.Kxg4 Kxe6
50.Kf4 a3  1/2-1/2

[Event "BL2-W8788"]
[Site "Germany"]
[Date "1988.??.??"]
[Round "?"]
[White "Mainka, Romuald"]
[Black "Eising, Johannes"]
[Result "1-0"]
[WhiteElo "2450"]
[BlackElo "2315"]

1.e4 g6 2.d4 Bg7 3.Nc3 c6 4.Nf3 d5 5.Bf4 Bg4 6.exd5 cxd5 7.Nb5 Na6 8.h3 Bxf3
9.Qxf3 Nf6 10.O-O-O O-O 11.Kb1 Qd7 12.Nc3 Nb4 13.g4 Rac8 14.a3 Nc6 15.Bg5 Rfd8
16.Bg2 b5 17.Bxf6 Bxf6 18.Nxd5 Bg7 19.c3 Qd6 20.Rhe1 a5 21.Qf4 e6 22.Qxd6 Rxd6
23.Nf4 b4 24.d5 exd5 25.Nxd5 bxc3 26.bxc3 Kf8 27.Ka2 Ne5 28.Rb1 Nd3 29.Re3 Nc5
30.Rb5 a4 31.Ra5 Bh6 32.Rg3 Bd2 33.Ra7 g5 34.Rf3 Bf4 35.c4 Re8 36.Kb2 Re2+
37.Kc3 Ne4+ 38.Kb4 Rb2+ 39.Kxa4 Nc5+ 40.Ka5 Rxd5 41.Rxf4 Nb7+ 42.Ka4 Nc5+
43.Ka5 Nb7+  1-0

[Event "BL2-W8788"]
[Site "Germany"]
[Date "1988.??.??"]
[Round "?"]
[White "Mainka, Romuald"]
[Black "Dresen, Ulrich"]
[Result "1-0"]
[WhiteElo "2450"]
[BlackElo "2270"]

1.e4 g6 2.d4 Bg7 3.Nc3 c6 4.Nf3 d6 5.h3 Nf6 6.Be3 O-O 7.a4 a5 8.Be2 Na6 9.O-O Nb4
10.Nd2 e5 11.dxe5 dxe5 12.Qc1 Be6 13.Nc4 Nd7 14.Rd1 Qc7 15.Nb1 Rfd8 16.Nbd2 b6
17.Nf3 Nc5 18.Bxc5 bxc5 19.c3 Na6 20.Rxd8+ Rxd8 21.Qe3 Ra8 22.Rd1 f6 23.Nfd2 Nb8
24.Qxc5 Nd7 25.Qe3 Bf8 26.Bg4 Bxg4 27.hxg4 Nc5 28.g5 Qe7 29.gxf6 Qxf6 30.Nf3 Rc8
31.Nxa5 Nxa4 32.Nc4 Nc5 33.b4 Ne6 34.Ncxe5 g5 35.Nd7 Qe7 36.Nxf8 Rxf8 37.Nd4 Nf4
38.Nf5 Qf6 39.g3 Nh3+ 40.Kg2 g4 41.Rd6 Qg5 42.Qd4 Rc8 43.Nh6+  1-0

[Event "BL2-W8788"]
[Site "Germany"]
[Date "1988.??.??"]
[Round "?"]
[White "Kaeser, Udo"]
[Black "Rottstaedt, Werner"]
[Result "1/2-1/2"]
[WhiteElo "2260"]
[BlackElo "2265"]

1.e4 g6 2.Nc3 c6 3.d4 Bg7 4.Nf3 d5 5.Bf4 dxe4 6.Nxe4 Nf6 7.Nxf6+ Bxf6 8.c3 Bg4
9.Bc4 O-O 10.h3 Bxf3 11.Qxf3 Nd7 12.O-O-O e6 13.h4 Nb6 14.Bb3 Nd5 15.Bh6 Bg7
16.Bg5 Qa5 17.Bd2 Nf6 18.g4 h5 19.gxh5 Qxh5 20.Qg2 c5 21.dxc5 Qxc5 22.Rdg1 Qc6
23.Qxc6 bxc6 24.Bc2 Rfd8 25.Bg5 Rd5 26.c4 Rc5 27.b3 Nh5 28.Bd1 Kh7 29.Be3 Bh6
30.Bf3 Rc8 31.Kc2 Bxe3 32.fxe3 Rf5 33.Bxh5 Rxh5 34.Rd1 Rc7 35.b4 Kg7 36.Kc3 Kf8
37.c5 Ke7 38.Kc4 a6 39.a4 Rc8 40.Kc3 Rd8 41.Rxd8 Kxd8 42.Rd1+ Kc7 43.Rd4 f5
44.Rd6 Rxh4 45.Rxe6 g5 46.Re7+ Kc8 47.Re5 Rh3 48.Kd3 f4 49.Rxg5 Rxe3+ 50.Kd4 Ra3
51.Rg8+ Kc7 52.Rg7+ Kc8 53.Ke5 f3 54.Kd6 Rxa4 55.Kxc6 Kd8 56.Rf7 Rxb4 57.Rf8+ Ke7
58.Rxf3 a5 59.Rh3 a4 60.Rh7+ Ke6 61.Ra7 Ke5 62.Ra5 Kd4 63.Kd6 Kc3 64.c6 Rd4+
65.Rd5 Rh4 66.Rc5+ Kb4 67.Rc1 Rh6+ 68.Kd5 Rh5+  1/2-1/2

[Event "BL2-SW8788"]
[Site "Germany"]
[Date "1988.??.??"]
[Round "?"]
[White "Werner, Clemens"]
[Black "Osieka, Udo"]
[Result "1/2-1/2"]
[WhiteElo "2255"]
[BlackElo "2235"]

1.e4 g6 2.d4 Bg7 3.Nc3 c6 4.Be2 d5 5.Nf3 Bg4 6.Be3 Nf6 7.h3 Bxf3 8.Bxf3 dxe4
9.Nxe4 Nxe4 10.Bxe4 Nd7 11.c3 Nf6 12.Bf3 Nd5 13.Bg5 h6 14.Bd2 O-O 15.O-O Re8
16.Qb3 Qd7 17.Rfe1 Kh7 18.Rad1 b5 19.Qc2 Rac8 20.h4 Kh8 21.Qc1 Kh7 22.Qc2 Kh8
23.Qc1 Kh7 24.Qb1 Kg8 25.g3 e6 26.Kg2 a5 27.Qc1 Kh7 28.Qc2 Kg8 29.a4 Rb8
30.b3 Rec8 31.axb5 cxb5 32.Qd3 a4  1/2-1/2